Škoda Auto v Číně, Číňan ve Škodovce

Vstup automobilky Škoda na čínsky trh v roku 2007. Výroba áut Škoda Octavia v závode Shanghai Volkswagen na základe licenčnej zmluvy. Začiatok budovania predajnej siete už v roku 2006. Dôležité kritérium automobilu - luxusný vzhľad. Servis s ľudskou tvárou. Škoda Auto - partner olympijských hier a n...

Ausführliche Beschreibung

Gespeichert in:
Bibliographische Detailangaben
1. Verfasser: Svoboda, Ondřej
Format: Buchkapitel
Sprache:Tschechisch
Schlagworte:
Tags: Tag hinzufügen
Keine Tags, Fügen Sie das erste Tag hinzu!

MARC

LEADER 00000naa$a2200000$$$4500
001 0075271
005 20231018131006.6
041 0 |a cze 
044 |a CZ 
245 1 0 |a Škoda Auto v Číně, Číňan ve Škodovce  |c Ondřej Svoboda 
520 |a Vstup automobilky Škoda na čínsky trh v roku 2007. Výroba áut Škoda Octavia v závode Shanghai Volkswagen na základe licenčnej zmluvy. Začiatok budovania predajnej siete už v roku 2006. Dôležité kritérium automobilu - luxusný vzhľad. Servis s ľudskou tvárou. Škoda Auto - partner olympijských hier a najúspešnejší dodávateľ servisných služieb 
610 2 0 |a priemysel automobilový 
610 2 0 |a automobily osobné 
610 2 0 |a výroba 
610 2 0 |a trh zahraničný 
610 2 0 |a služby 
610 2 0 |a Česko 
610 2 0 |a Čína 
100 1 |a Svoboda, Ondřej